Mixed Word: Common Bond XXIII Quiz Stats

Quiz Updated Aug 31, 2016

Challenge
Share
Tweet
Embed
Score 0/12 Timer 03:00
0 Plays Today
SCRAMBLE Word % Correct
DAHEHead
97.1%
TESNNest
96.1%
ITEHWWhite
96%
EHLSLShell
95.8%
TNAPLPlant
95.7%
LOKYYolk
89.8%
MITERTimer
89.1%
AADLSSalad
88.4%
IECKCNHChicken
83%
Word in common with all the above:Egg(s)
76.1%
LDEDIVEDeviled
60.3%
TORENTRotten
55.7%

You're not logged in!

Compare scores with friends on all Sporcle quizzes.
Join for Free
OR
Log In

You Might Also Like...

Show Comments

Extras

Top Quizzes Today


Score Distribution

Your Account Isn't Verified!

In order to create a playlist on Sporcle, you need to verify the email address you used during registration. Go to your Sporcle Settings to finish the process.

Report this User

Report this user for behavior that violates our Community Guidelines.

Details: